00354pab a2200145 454500008004000000100002100040245004600061260000900107300001400116362000800130650002000138650002200158650001000180773001800190180718b2005 xxu||||| |||| 00| 0 eng d aGratton, Richard aSport and economic regeneration in cities c2005 ap.985-99. aMay aEconomic policy aUrban development aSport aUrban Studies